000 00828nam a2200229 a 4500
001 000026559
003 DO-SdBNP
005 20220609083058.0
007 ta
008 110303s2002 dr a 000 0 spa d
040 _aDO-SdBNP
_bspa
_cBNPHU
049 _aBNPD
082 4 _222
111 1 _aFeria Internacional del Libro
_n(5 :
_d25 abril al 5 de mayo 2002 :
_cSanto Domingo, República Dominicana)
_953663
245 1 0 _aPrograma de actividades
260 _aSanto Domingo :
_bSecretaría de Estado de Cultura
_bFeria Internacional del Libro de Santo Domingo,
_c2002.
300 _a96 p. :
_bil. ;
_c23 cm.
500 _aEn homenaje a Pedro Henríquez Ureña , país invitado de honor Venezuela
500 _aIncluye el programa de la XXIX Feria Nacional del Libro
590 _aInventariado, 2022/BT
942 _2ddc
_cLBS1
999 _c26051
_d26051